000 00740nam a22002417a 4500
005 20250501125453.0
008 250501b |||||||| |||| 00| 0 eng d
020 _a978--03-253750-4 (pbk)
037 _cTB
040 _aCRL
_cCRL
041 _2eng
_aeng
084 _aY15 R4
_qCRL
100 _aFreese, Joan-Johnson
_9753665
245 _aWomen, peace and security:
_b An introduction
250 _a2nd ed.
260 _aLondon, UK:
_bRoutledge,
_c2024.
300 _axiii, 236p.
365 _b35.99
_cUKP
650 _aWomen
650 _aSociology
942 _2CC
_cTB
_e2nd ed,
_hY15 R4
_n0
999 _c1309888
_d1309888